[Event "ESP-chB"]
[Site "Seville"]
[Date "2004.08.16"]
[Round "4"]
[White "Oms Pallisse, Josep"]
[Black "Lopez Martinez, Josep Manuel"]
[Result "0-1"]
[WhiteElo "2518"]
[BlackElo "2437"]
[Annotator "Mikhalevski,V"]
[PlyCount "110"]
[EventDate "2004.08.03"]
[EventType "tourn"]
[EventRounds "5"]
[EventCountry "ESP"]
[EventCategory "10"]
[SourceTitle "CBM 103"]
[Source "ChessBase"]
[SourceDate "2004.11.11"]
[SourceVersion "1"]
[SourceVersionDate "2004.11.11"]
[SourceQuality "1"]

1. d4 Nf6 2. c4 e6 3. Nf3 d5 4. Nc3 c5 5. cxd5 Nxd5 6. g3 Nc6 7. Bg2 Ndb4 $5 {
A relatively rare, but very interesting variation which forces a pawn
sacrifice. Otherwise White can't avoid an equality.} (7... Be7 {is the main
line.} 8. O-O O-O 9. e4 Nxc3 10. bxc3 b5 $5 $146 11. Bf4 cxd4 12. cxd4 Bf6 13.
Rc1 Bb7 14. d5 exd5 15. exd5 Ne7 16. d6 Ng6 17. Be3 $14 {Van Wely-Sokolov,A
Bundesliga0304 2003 CBM99[Gofshtein]}) ({Another popular line is} 7... cxd4 8.
Nxd4 Nxc3 9. bxc3 Nxd4 10. Qxd4 Qxd4 11. cxd4 Bb4+ 12. Bd2 Bxd2+ 13. Kxd2 $14 {
is slightly better for white as in Kramnik-Lautier, Belgrad 1995/CBM55
[Korchnoi]}) (7... Nxd4 {can transpose into 7...cxd4 after} 8. Nxd4 Nxc3 9.
bxc3 cxd4 10. Qxd4 ({Or} 10. Qa4+ Qd7 11. Qxd4 Qxd4 12. cxd4) 10... Qxd4 11.
cxd4) ({Black also tested} 7... Nxc3) (7... Nb6) ({and} 7... Nf6) 8. a3 $6 {
White loses a pawn and has to fight for equality.} (8. e3 {is the most
critical move. After this pawn sacrifice White obtains some pressure on the
queenside.} cxd4 9. exd4 Nxd4 10. O-O (10. Nxd4 Qxd4 11. O-O Qxd1 12. Rxd1 $44
{Biriukov-Aseev,St Petersburg-ch 1998 CBM 65[Tsesarsky]}) 10... Nxf3+ 11. Qxf3
Be7 12. Rd1 Qa5 13. a3 (13. Bf4 O-O 14. Qe2 Nc6 15. a3 Qf5 16. Be4 Qh3 17. Bg2
Qf5 18. Be4 Qh3 19. Bg2 {1/2-1/2 Stefansson-Macieja, Elbow Beach Club 2001 CBM
81[Tsesarsky]}) 13... O-O 14. Bf4 Nc6 15. b4 Qf5 16. b5 Na5 (16... Ne5 17. Qe4
Qxe4 18. Nxe4 Nc4 19. Nd6 e5 20. Nxc4 exf4 21. gxf4 {and some pressure is
still on. 1-0 Nielsen,P-Wedberg,T/Malmoe SWE 2002/The Week in Chess 397 (34). 
(33)}) 17. Bc7 Qxf3 18. Bxf3 Nb3 19. Rab1 Nc5 20. a4 $44 {1/2-1/2 Kramnik,
V-Topalov,V/Linares 1999/CBM 70 (33). (32)}) (8. dxc5 {doesn't promise any
advantage.} Qxd1+ 9. Kxd1 Bxc5 10. a3 Nd5 11. Nxd5 exd5 12. b4 Bb6 13. Bb2 O-O
14. e3 Bf5 15. Ke2 d4 16. Nxd4 Nxd4+ 17. Bxd4 Bxd4 18. exd4 Rfe8+ 19. Kd2 Rad8
20. d5 Be4 $11 {1/2-1/2 Filippov,V-Krasenkow,M/Shanghai 2000/CBM 76 (53). (52)}
) 8... cxd4 9. axb4 Bxb4 10. Nxd4 $6 (10. Ne5 $1 {promises good chances for
equality.} Nxe5 11. Qa4+ Bd7 (11... Nc6 $5 12. Bxc6+ bxc6 13. Qxb4 ({Doesn't
work} 13. Qxc6+ $2 Bd7 14. Qe4 (14. Qc4 $2 Qb6 $19 {[%csl Rc3]}) 14... Bxc3+
15. bxc3 dxc3 $17 {and Black is two pawns up.}) 13... dxc3 14. Qxc3 O-O $1 15.
Qxc6 Rb8 $15) 12. Qxb4 Nc6 $1 13. Qd6 (13. Qxb7 $5 Rb8 14. Qxc6 Bxc6 15. Bxc6+
Kf8 $36) 13... dxc3 14. bxc3 Qb8 $1 15. Qc5 $44 {1/2-1/2 Husari,S-Brochet,P/
Paris 2003/CBM 92 ext (50)}) 10... Nxd4 11. O-O O-O 12. Be3 e5 13. Qa4 $5 (13.
Nd5 Bc5 14. Qd3 (14. b4 Be6 $1) 14... Be6 15. Rfc1 Bb6 (15... Bxd5 $142 16.
Rxc5 Bxg2 17. Kxg2 Nc6 $17) 16. Bxd4 (16. Nxb6 Qxb6 17. Bxd4 exd4 $17) 16...
Bxd4 17. Nc3 Rb8 18. e3 Bb6 19. Qb5 $1 $11 {0-1 Paci,C-Doghri,N/Cannes 2000/
EXT 2001 (38)}) 13... a5 {Black avoids complications which could arise after
accepting the pawn.} (13... Bxc3 $5 {deserved a serious attention.} 14. bxc3
Nxe2+ 15. Kh1 Qd3 $1 ({Of course not} 15... Nxc3 $4 16. Qc4 $18 {[%csl Rc3]})
16. Rfe1 Nxc3 17. Qa5 {and White obtains some compensation for the sacrificed
pawns, though I believe it shouldn't be enough for equality.} (17. Qa3 $5)) 14.
Rfd1 $6 (14. Bxd4 $1 {doesn't allow fully equalize, but was certainly better
than the game.} Qxd4 $1 (14... exd4 15. Nd5 Bd7 (15... Bh3 $2 16. Nxb4 Bxg2 17.
Kxg2 axb4 18. Qxa8 $1 Qxa8 19. Rxa8 Rxa8 20. Rd1 $14) (15... Bc5 16. Qb5 $1 $44
) 16. Qb3 Bc5 17. Qxb7 Rb8 18. Qa6 Rxb2 19. Qxa5 Qxa5 20. Rxa5 Rc8 21. Bf3 {
and White is very close to equality.}) 15. Rfd1 Qc4 16. Rac1 Rb8 17. Nd5 b5 $1
{and Black is still better.}) 14... Bd7 $1 15. Qa2 Be6 $1 16. Bd5 Bxd5 17. Nxd5
Bc5 $17 {Black succeeded to keep an extra pawn and now has to show some
technique to convert his material advantage into a win.} 18. Bxd4 exd4 {
[%csl Re2] Now the e2-pawn is an object of attack.} 19. Rac1 Qd6 ({The moves} 
19... Rc8 $5) ({and} 19... b6 $5 {look more flexible. The d6-square is not
necessary the best for the queen.}) 20. Qc4 b6 21. Nf4 $1 {[%cal Gf4d3]} Qe7 $5
{[%csl Re2]} 22. Rc2 Rac8 23. Rdc1 Rc6 24. Qb5 Rfc8 25. Nd3 g6 $1 26. Kf1 (26.
b4 axb4 27. Nxb4 Re6 $17) 26... h5 27. h4 Qe4 28. Kg1 Qf5 29. Kf1 R6c7 30. Kg1
Kg7 31. Qa4 Kg8 32. Qb5 Rc6 33. Qa6 R8c7 34. Qb5 Kg7 35. Qa4 Kg8 36. Qb5 Rf6
37. Qc4 Re7 38. Rf1 Rc6 39. Rfc1 Re4 {During the last 15 moves White waited
and that was the right plan. However as it often happens, White loses patience
on the move 40th and helps Black to win.} 40. Nxc5 $2 (40. Qb5 $5) 40... Rxc5
41. Qd3 Rce5 $1 {[%csl Re2][%cal Ge4e2]} 42. Rd2 (42. Kg2 $5 Rxe2 43. Qxd4 Rxc2
44. Rxc2 $17) 42... Kh7 (42... Rxe2 $5 {should be enough for a win.} 43. Qxe2 (
43. Qxd4 {loses to} Rd5 $1 {[%csl Rf2]} 44. Rc8+ $8 Qxc8 45. Qxd5 Qc1+ 46. Rd1
Qxb2 $19) 43... Rxe2 44. Rxe2 Qd3 $1 $17) 43. Rc7 Kg7 44. Rc4 Rxe2 45. Qxf5 ({
Now} 45. Qxe2 $2 {is bad in view of} Rxe2 46. Rxe2 Qb5 $1 {[%csl Rc4,Re2]} 47.
b3 a4 $1 {and Black wins.}) 45... gxf5 $5 {Black damages his pawn structure,
but trades a pair of rooks.} ({The position with four rooks after} 45... Re1+
46. Kg2 Rxf5 47. Rcxd4 {is also with good chances for a win.}) 46. Rcxd4 Rxd2 (
46... f4 $5 {exchanging one of the double pawns deserved a serious attention.})
47. Rxd2 Rb5 (47... f4 $5) 48. Kf1 ({White could try to fix the weaknesses by
means of} 48. f4 $5) 48... Kf6 49. Ke2 f4 $1 50. Kd1 $2 {White sends the king
in a wrong direction. Instead he had to leave it on the kingside to protect
the kingside pawns.} Kf5 51. Kc2 fxg3 52. fxg3 Kg4 $19 53. Rd7 (53. Rd3 {
was more stubborn, but could hardly save.} Rf5 {[%cal Gf5f3]} 54. Rb3 b5 55.
Kd2 a4 56. Rd3 Rf2+ $1 57. Kc1 f5 $19) 53... Kxg3 54. Rxf7 Kxh4 55. Rg7 Kh3 {
Now Black's plan is very simple: he brings the king to h1 and the h-pawn to h2
and then brings the rook to g1. White can do nothing about the plan and so he
resigned.} 0-1

[Event "URS U26-ch"]
[Site "Vilnius"]
[Date "1978.??.??"]
[Round "11"]
[White "Psakhis, Lev"]
[Black "Machulsky, Anatoly D"]
[Result "1-0"]
[WhiteElo "2480"]
[BlackElo "2390"]
[Annotator "Moiseev,V"]
[PlyCount "59"]
[EventDate "1978.??.??"]
[EventType "tourn"]
[EventRounds "15"]
[EventCountry "URS"]
[EventCategory "7"]
[SourceTitle "MCL"]
[Source "ChessBase"]
[SourceDate "1999.07.01"]
[SourceVersion "1"]
[SourceVersionDate "1999.07.01"]
[SourceQuality "1"]

1. Nf3 Nf6 2. g3 c5 3. c4 e6 4. Bg2 d5 5. cxd5 Nxd5 6. Nc3 Be7 7. O-O Nc6 8.
Nxd5 exd5 9. d4 O-O 10. dxc5 Bxc5 11. Bg5 Qb6 (11... f6 12. Bd2 Bf5 (12... Qe7
13. Bc3 Rd8 14. e3 Bf5 15. Rc1 Be4 16. Re1 Bb6 17. a3 Rac8 $14 {Agdestein,
S-Alburt,L/Taxco(izt)/1985/}) 13. Qb3 Bb6 14. Rad1 Be4 15. Bc3 Qe7 16. e3 Rad8
$13 {Larsen,B-Bareev,E/Naestved/1988/1:0/ (50)}) (11... Qd7 $5 12. a3 h6 13. b4
$5 $146 Bb6 $1 14. Bc1 $5 d4 15. Ra2 Qd5 $1 16. Rd2 Qc4 $10 {Budnikov,A-Ruban,
V/St-Peterburg(zt)/1993/1/2-1/2/32/}) 12. Rc1 (12. Qxd5 Be6 13. Qd2 h6 14. Be3
Bxe3 15. Qxe3 Qxb2 16. Rfb1 Qf6 17. Nd2 Bf5 18. Ne4 Bxe4 19. Qxe4 Rad8 $10 {
Barbero,G-Dlugy,M/Mendoza/1985/}) 12... Qb5 $146 (12... Be6 13. Qc2 Be7 14.
Bxe7 Nxe7 15. Qc7 Nc6 16. Qxb6 axb6 17. a3 d4 $14 {Lagunov,A-Vaganian,R/Porz/
1991/}) (12... d4 13. Qc2 Bd6 14. Nd2 Be6 15. Nc4 Bxc4 16. Qxc4 h6 17. Bd2 Qxb2
18. Rfd1 Rac8 19. Rb1 Qa3 20. Bc1 Qc5 21. Qxc5 Bxc5 22. Rxb7 $14 {Illeskas
Cordoba,M-Tukmakov,V/Wijk aan Zee/1993/1:0 (60)}) 13. Bf4 Bb6 14. b3 Bg4 $6 (
14... Be6 $5 15. Bd6 (15. Ne5 $5) 15... Rfd8 16. a4 Qa5 17. Ba3 d4 18. Nd2 Qh5
$13) 15. a4 Qa6 $6 (15... Qb4 $142 16. Qxd5 Be6 17. Qh5 Qxb3 18. Ng5 Bf5) 16.
h3 Bxf3 17. Bxf3 Nd4 18. b4 $1 $16 Nxf3+ 19. exf3 Bd8 $8 (19... Rad8 $4 20. b5
Qa5 21. Bd2 $18) 20. Re1 $1 (20. b5 $2 Qe6) (20. Qxd5 Qxa4 21. Qxb7 Bb6 $14)
20... d4 (20... Bf6 21. b5 Qa5 22. Qxd5 Qxa4 23. Qxb7 $18 (23. Bd6 $18)) 21. b5
Qf6 (21... Qa5 22. Bd6 $18) 22. Be5 Qh6 23. Qxd4 Ba5 24. Red1 Qxh3 25. Bc7 $1 (
25. Bxg7 $2 Bb6 26. Qe5 Bxf2+ (26... f6 27. Bxf6 Rxf6 28. Qxf6 Qxg3+ 29. Kh1
Qh3+ $10) 27. Kxf2 Qh2+ 28. Kf1 (28. Ke3 $2 Rfe8 $19) 28... Qh1+ 29. Kf2 Qh2+
$10) 25... Bxc7 26. Rxc7 b6 27. Qf4 h5 $6 (27... Qe6 $142 28. Rdd7 $16) 28. Re7
$18 a6 29. bxa6 Rxa6 30. Rd8 $1 1-0

[Event "Khanty-Mansiysk FIDE GP"]
[Site "Khanty-Mansiysk"]
[Date "2015.05.24"]
[Round "9"]
[White "Karjakin, Sergey"]
[Black "Caruana, Fabiano"]
[Result "1/2-1/2"]
[WhiteElo "2753"]
[BlackElo "2803"]
[Annotator "Mokal,P"]
[PlyCount "170"]
[EventDate "2015.05.14"]
[EventType "tourn"]
[EventRounds "11"]
[EventCountry "RUS"]
[EventCategory "21"]
[SourceTitle "CBM 167"]
[Source "ChessBase"]
[SourceDate "2015.07.13"]
[SourceVersion "1"]
[SourceVersionDate "2015.07.13"]
[SourceQuality "1"]

1. Nf3 {[%emt 0:00:02]} Nf6 {[%emt 0:00:05]} 2. c4 {[%emt 0:00:07]} c5 {
[%emt 0:00:15]} 3. Nc3 {[%emt 0:00:07]} Nc6 {[%emt 0:00:09]} 4. g3 {[%emt 0:00:
22]} d5 {[%emt 0:00:16]} 5. d4 {[%emt 0:00:16]} e6 {[%emt 0:05:59]} 6. cxd5 {
[%emt 0:00:27]} Nxd5 {[%emt 0:00:05]} 7. Bg2 {[%emt 0:00:06]} cxd4 {[%emt 0:00:
47]} 8. Nxd4 {[%emt 0:00:07]} Nxc3 {[%emt 0:00:10]} 9. bxc3 {[%emt 0:00:06]}
Nxd4 {[%emt 0:00:04]} 10. Qxd4 {[%emt 0:00:07]} Qxd4 {[%emt 0:00:06]} 11. cxd4
{[%emt 0:00:07]} Bd6 {[%emt 0:00:05] This comparatively rare move and the
variation in general has been famous for the classic game Kramnik - Lautier,
1995. Caruana, armed with modern analysis, wants to have his own say on it.} ({
A more common line is} 11... Bb4+ 12. Bd2 Bxd2+ 13. Kxd2 $14 {which leads to
another well known endgame where White enjoys a slight advantage with no risk.}
) 12. O-O {[%emt 0:10:09]} Rb8 {[%emt 0:00:10]} 13. e4 {[%emt 0:09:49]} b6 {
[%emt 0:01:28]} ({The above mentioned game went} 13... O-O 14. e5 $1 Be7 (14...
Bc7 15. Ba3 Rd8 16. Rac1 Rd7 17. Rxc7 Rxc7 18. Bd6 $18) 15. Be3 Bd7 (15... b6
16. Rfc1 Bd8 17. Bd2 {/\Bb4-d6}) 16. Rfc1 Rfc8 17. Rxc8+ Bxc8 18. Rc1 {1-0
Kramnik,V (2730)-Lautier,J (2645)/Horgen 1995/CBM 050/[Kramnik] (64), and
Kramnik went on to score a fine technical victory in the resulting endgame.})
14. Bb2 {[%emt 0:02:02]} Bb7 {[%emt 0:08:54]} 15. Rac1 {[%emt 0:22:34] The
question of 'which R?' has been answered differently before.} ({A high level
blitz game went} 15. Rfc1 {[%cal Gf1c1,Gb7g2]} f6 (15... Kd7 $5 16. d5 $13) 16.
a4 (16. e5 $5 Bxg2 17. exd6 Bd5 18. Rc7 $14) 16... Kd7 17. d5 exd5 18. exd5 Bc5
$11 {1-0 Radjabov,T (2734)-Leko,P (2723)/Beijing 2014/CBM 163 Extra (33).
Black had comforably equalised although White went on to win later.}) (15. d5
$5 exd5 16. Bxg7 Rg8 17. Bf6 dxe4 18. Bxe4 Bxe4 19. Rfe1 {White's edge will be
too small.}) 15... f6 {[%emt 0:15:51]} (15... Kd7 16. d5 $5 $14 {is supposed
to be good for White according to some old analysis.}) 16. Rfd1 {[%emt 0:15:44]
} Ke7 {[%emt 0:18:30]} 17. f4 {[%emt 0:00:59]} Rhc8 {[%emt 0:02:25]} 18. e5 {
[%emt 0:01:02]} fxe5 {[%emt 0:00:37]} 19. fxe5 {[%emt 0:00:07]} Bb4 {[%emt 0:
01:47]} 20. Rxc8 {[%emt 0:06:53]} Bxc8 {[%emt 0:00:12]} 21. Be4 {[%emt 0:00:20]
} g6 {[%emt 0:18:56]} 22. Rc1 {[%emt 0:04:53]} (22. a3 $5 Ba5 23. Rc1 b5 (23...
Kd8 $5) 24. Bc3 Bxc3 (24... Bb6 25. Bb4+ Kd8 26. Bd6 Bxd4+ 27. Kf1 Rb6 28. Bc7+
$18) 25. Rxc3 Kd7 $11 {White cannot really take advantage of Black's temporary
coordination problems.}) 22... Kd8 {[%emt 0:05:08] After some logical moves a
critical moment has arisen.} 23. Kf2 {[%emt 0:01:20]} ({Caruana was expecting} 
23. Rf1 $5 {but even here Black has good defensive resources.} Bb7 24. Bd3 {
[%cal Gb2c1,Gc1h6]} Ke7 (24... Rc8 25. a3 Bd2 26. Rf7 Rc7 27. Rf8+ Kd7 28. Rh8
$14) (24... Bd5 25. a3 Bd2 26. Rf8+ Kc7 27. Rf7+ Kc6 28. a4 $16 (28. Rxh7 $2
Rf8 $19)) 25. a3 (25. Rf6 Rc8) 25... Bd2 26. Bc1 Bxc1 27. Rxc1 Rd8 $11) 23...
Bb7 {[%emt 0:01:15]} 24. Kf3 {[%emt 0:01:16]} (24. Bxb7 Rxb7 25. Ke3 Rf7 $11 {
[%cal Gd8d7]}) 24... Bd5 {[%emt 0:06:18]} 25. Bxd5 {[%emt 0:02:09]} exd5 {
[%emt 0:00:38] Caruana: "I already thought that I had completely equalised."}
26. Ke3 {[%emt 0:04:48]} Rc8 {[%emt 0:03:27]} 27. a4 {[%emt 0:03:37]} Rxc1 {
[%emt 0:00:53]} 28. Bxc1 {[%emt 0:00:02]} Kd7 {[%emt 0:00:05]} 29. Bd2 {
[%emt 0:01:22]} Be7 {[%emt 0:00:30]} ({The P_|_ is clearly equal} 29... Bxd2+
30. Kxd2 a6 $11) 30. Kd3 {[%emt 0:02:57]} h5 {[%emt 0:00:51]} 31. a5 $6 {
[%emt 0:04:00] Unnecessarily giving Black practical chances, with a passed
pawn on the a-file. On top of that, it is now Black who gets to put his pawn
on the light square (g4) rather than White.} ({A simple draw could be achieved
by} 31. h3 {[%cal Gg3g4] for example} a6 32. Kc2 b5 (32... Ke6 33. g4 $11) 33.
axb5 axb5 34. Kb3 Ke6 35. g4 $11) 31... bxa5 {[%emt 0:10:23]} 32. Bxa5 {
[%emt 0:00:02]} g5 {[%emt 0:03:40]} 33. h3 {[%emt 0:01:40]} g4 {[%emt 0:01:27]}
34. hxg4 {[%emt 0:05:04]} hxg4 {[%emt 0:00:52][%csl Ga7,Rd4,Gd5,Rg3,Gg4] Once
the pawn reached g4 I felt like I had seen the position somewhere before (with
the name Kramnik in mind). After some digging I found that it is very similar
to Van Wely - Kramnik, 1990 except that in that game, the white pawn was on b3
instead of e5. Readers may well look for it to get an idea. Some principles of
that classic ending do apply here too.} 35. Ke3 {[%emt 0:05:30]} Bg5+ {[%emt 0:
00:18]} 36. Kd3 {[%emt 0:00:07]} Kc6 {[%emt 0:05:42]} 37. Bd2 {[%emt 0:03:36]}
Be7 {[%emt 0:00:03]} (37... Bd8 {does not achieve anything at this moment.} 38.
Ke3 {[%cal Ge3f4]} Bg5+ 39. Kd3 {back to the game.}) 38. Ke3 {[%emt 0:00:07]}
Bg5+ {[%emt 0:00:06]} 39. Kd3 {[%emt 0:00:04]} Be7 {[%emt 0:00:05]} 40. Ke3 {
[%emt 0:00:00]} Bf8 {[%emt 0:00:00]} 41. Ba5 {[%emt 0:04:42]} Bh6+ {[%emt 0:16:
49]} 42. Kd3 {[%emt 0:00:07]} Kd7 {[%emt 0:00:26]} 43. Bd2 {[%emt 0:04:35]} Bf8
{[%emt 0:00:05]} 44. Ke3 {[%emt 0:00:14]} Ke6 {[%emt 0:00:23]} 45. Ba5 {
[%emt 0:00:16]} Kf5 {[%emt 0:00:28]} 46. Kd3 {[%emt 0:00:46]} Be7 {[%emt 0:00:
05]} 47. Ke3 {[%emt 0:01:51]} Bg5+ {[%emt 0:00:10]} 48. Kd3 {[%emt 0:00:05]}
Ke6 {[%emt 0:00:07]} 49. Bd2 $6 {Helping Black achieve what he wanted. A
strange thing happened here. Karjakin claimed a draw by threefold repetition.
According to him this position had arisen on move 37 and 39. The arbiter
accepted the claim and Caruana signed the scoresheets. (Caruana mentioned in
the press conference that he was annoyed that he had to sign the score sheets.
Probably by intuition, he did not feel that it was a draw.) But then Karjakin
asked Caruana if he wanted to play on. Caruana of course replied "Yes" and
then he thought again and realised that on those moves (37 and 39) the black
king was on c6. So there actually had not been a threefold repitition. Both
players just mentioned in passing their error and also the professional lapse
on part of the Arbiter.  Although it was not mentioned, it seems very likely
that Karjakin played this risky move with the erroneous expectation of a
threefold repetition.} ({Otherwise he would have chosen the simple} 49. Ke2 $11
) 49... Bd8 50. Ke3 Kf5 51. Bb4 $6 {White could have been more accurate in
this position.} (51. Kd3 $142 a5 52. Bc3 Ke6 (52... a4 53. Bb4 Bg5 54. Ba3 Ke6
55. Ke2 Kd7 56. Kd3 Kc6 57. e6 Kc7 58. e7 Kd7 59. Kc3 Bxe7 60. Bxe7 Kxe7 61.
Kb4 Kf6 62. Kxa4 Kf5 63. Kb5 Ke4 64. Kc5 Kf3 65. Kxd5 Kxg3 66. Ke4 Kf2 $11) 53.
Bd2 (53. Bb2 Be7 $17) 53... Kd7 54. Ke3 $1 a4 (54... Bg5+ 55. Kd3 Bd8 (55...
Bxd2 $4 56. Kxd2 $18 {[%csl Ge5]}) 56. Ke3 $11) (54... Bb6 $6 55. Bc3) 55. Kf4
a3 56. Kxg4 Kc6 57. Kf5 Kb5 58. Bc3 Kc4 59. Ba1 Kb3 60. e6 Ka2 61. Bc3 Kb3 62.
Ba1 Ka2 $11) 51... a5 52. Ba3 a4 {[%cal Gd8a5]} 53. Bb4 $8 (53. Kd3 Ba5 $19 {
[%cal Ga5e1]}) 53... Bg5+ 54. Kd3 Bc1 55. Bd2 (55. Kc2 Be3 56. Kd3 Bf2 $19) (
55. Bc3 a3 56. Ba1 a2 57. Bc3 (57. Kc2 Bf4 $19) 57... Ba3 58. Ba1 Bb4 {[%cal
Gb4e1]} 59. Ke2 Ke4 60. Bb2 Ba5 61. Ba1 Bb6 62. e6 Bd8 63. Kd2 Kf3 $19) 55...
Ba3 56. Kc3 Be7 57. Bh6 a3 (57... Ke4 58. Bg7 a3 59. Bh6 (59. Bf6 Bb4+ $19)
59... Bb4+ 60. Kb3 Kf5 {transposes to the game.} (60... Be1 61. e6)) 58. Kb3
Bb4 59. Bf4 $2 (59. Be3 $142 Be1 60. Kxa3 Bxg3 61. Kb4 Be1+ 62. Kc5 Ke6 {
transposing to game.}) 59... Ke6 $2 {Missing a very important chance.} (59...
Be1 $142 60. Kxa3 Bf2 61. e6 Bxd4 {simplest} (61... Kxe6 62. Be5 Kf5 63. Kb4
Ke4 64. Kc5 Be3 65. Bf6 (65. Bg7 Bf4 $19) 65... Bc1 66. Be5 (66. Kc6 Bd2 67.
Be5 Be3 68. Kc5 Bf2 $19) 66... Ba3+ 67. Kc6 Bb2 68. Kc5 Bc3 69. Bf6 Be1 70. Be5
Bf2 $19) 62. e7 Bc5+ $19) 60. Bc1 Be1 61. Be3 Bxg3 62. Kxa3 Kf5 (62... Bh4 63.
Kb4 Be7+ 64. Kb5 g3 65. Bf4 g2 66. Bh2 Ba3 67. Bg1 Bf8 68. Kc6 $11) 63. Kb4
Be1+ (63... Bh4 64. Kc5 Ke4 65. Bg1 $11) 64. Kc5 Ke6 65. Bf4 g3 {Caruana: "I
thought I was winning but I realised after I played this move that I had
missed some chance of putting my opponent in zugzwang. Now it was too late."} (
{But it is not really easy to achieve a zugzwang. For example} 65... Bf2 66.
Bg5 Kf5 67. Kc6 $8 {This is the most important move to hold this ending and it
was also found by Karjakin in the post-mortem analysis.} (67. Kd6 Kxg5 68. e6
Be1 $19) (67. Bf6 g3 68. Bh4 Ke6 {[%cal Gf2e1]} 69. Kc6 Be1 70. Bg5 Kf5 $19) (
67. Kxd5 Kxg5 68. Ke4 Be1 69. d5 g3 70. Kf3 Kh4 $19) 67... Bxd4 (67... g3 68.
Bh4 Ke6 69. Kc5 Be1 70. Bg5 {transposes to the game.}) (67... Kxg5 68. e6 Kf6
69. Kd7 g3 70. e7 $11) (67... Be1 68. Be3 Ke6 69. Kc5 g3 70. Bg5 {also
transposes to the game.}) 68. Kxd5 Bxe5 69. Bh4 Kf4 70. Ke6 Bd4 71. Be1 Kf3 72.
Kf5 $11 {Therefore, going into the Q+P ending of the game was objectively the
best progress available.}) 66. Bg5 Kf5 67. Bf4 Ke6 68. Bg5 Kf5 69. Bf4 Kxf4 (
69... g2 70. Be3 $11) 70. e6 g2 71. e7 Bb4+ 72. Kxb4 g1=Q 73. e8=Q Qxd4+ {
With the central pawn the tablebases give this position as mate in 59.} 74. Ka5
(74. Ka3 $4 Qe3+ $19) 74... Qe5 $2 {This move takes the game towards a draw,
although Black still keeps practical chances.} (74... Kf3 $5) (74... Qc3+ $142
$19 {[%cal Gd5d4] is an endgame tablebase win. Whether it would win
practically in the game or not is a different question.}) 75. Qc8 d4+ 76. Kb4
d3 77. Qh3 Ke4 $2 (77... Qd4+ $142 {with a lot of practical chances.}) 78. Qh1+
Kd4 79. Qa1+ Kd5 80. Qxe5+ Kxe5 81. Kc3 Ke4 82. Kd2 Kd4 83. Kd1 Kc3 84. Kc1 d2+
85. Kd1 Kd3 1/2-1/2